00470nam a22001697a 4500008004100000020001800041041000900059082001800068100002000086241002800106245005400134260005800188300000900246650001000255650001800265650001700283200102b xxu||||| |||| 00| 0 eng d a9789937286312 aNep. aN782.42/J324j aJaisi, Mani Ram aJanjir (Gajal sangraha) aजन्जिरः गजलसंग्रह aDhangadi:bSudurpaschimanchal Gajal Manch,c2071.B.S. a67p. aMusic aSongs, Nepali aNepali gajal